01062nam a2200289Ia 4500001001200000003000800012006001900020007001500039008004100054020001500095040002100110035002000131050002200151100001900173245006600192260004800258300002600306500002000332533015200352650002800504650003100532650002000563655002900583710001700612856012600629999001700755ebr10073598CaPaEBRm u cr cn|||||||||040629s2005 maua s 001 0 eng d z1592005411 aCaPaEBRcCaPaEBR a(OCoLC)7077386214aML74b.M46 2005eb1 aMerton, Orren.10aLogic Pro 7 Power!h[electronic resource] /cby Orren Merton. aBoston, MA :bCourse Technology PTR,c2005. axviii, 586 p. :bill. aIncludes index. aElectronic reproduction.bPalo Alto, Calif. :cebrary,d2009.nAvailable via World Wide Web.nAccess may be limited to ebrary affiliated libraries. 0aMusicxData processing. 0aComputer sound processing. 0aMIDI (Standard) 7aElectronic books.2local2 aebrary, Inc.40uhttp://site.ebrary.com/lib/rucke/Doc?id=10073598zAn electronic book accessible through the World Wide Web; click to view c34247d34247